000 00404nam a2200145Ia 4500
008 141214s2003||||xx |||||||||||||| ||und||
082 _a792./I49
110 _aInstituto Nacional de Defensa del Consumidor y del Patrimonio Intelectual (INDECOPI).
245 _aLos servicios turisticos en el PerĂº
260 _aLima,
_c2003
300 _a1 v.
942 _cLibro
999 _c2538
_d2538